000 00601nam a2200229Ia 4500
001 2698
003 GE_BSU
008 181216s||||||||xx |||||||||||||| ||und||
040 _cGE_BSU
080 _a537(075.8)
100 _aМатвеев, А.Н.
245 _aЭлектродинамика.
245 _bДля студ. физических спец
250 _aИзд.2-е перер. идоп.
260 _aМосква
260 _bВысшая школа
260 _c1980
300 _a383стр.
541 _h10л.
653 _aЭлектродинамика.
942 _cBK
999 _c36759
_d36759